[Event "Leamington Spa 4NCL op-B 28th"]
[Site "Leamington Spa"]
[Date "2022.07.09"]
[Round "2"]
[White "Wheeler, Tim"]
[Black "Sivanandan, Bodhana"]
[Result "0-1"]
[WhiteElo "1815"]
[BlackElo "1588"]
[PlyCount "56"]
[EventDate "2022.07.08"]
[EventType "swiss"]
[EventRounds "5"]
[EventCountry "ENG"]
[SourceTitle "CBM 209 Extra"]
[Source "ChessBase"]
[SourceDate "2022.09.30"]
[SourceVersion "1"]
[SourceVersionDate "2022.09.30"]
[SourceQuality "1"]

1. e4 e5 2. Nf3 Nc6 3. Bb5 a6 4. Ba4 d6 5. c4 Nf6 6. Nc3 Bg4 7. Bxc6+ bxc6 8. d4 exd4 9. Qxd4 c5 10. Qd3 Nd7 11. 0-0 Be7 12. Nd5 0-0 13. Bd2 Nf6 14. Nxe7+ Qxe7 15. Rfe1 Nd7 16. Bc3 Bxf3 17. Qxf3 Ne5 18. Qg3 f6 19. b3 a5 20. Rad1 a4 21. f4 Nc6 22. e5 fxe5 23. fxe5 dxe5 24. Bxe5 Nxe5 25. Rxe5 Qf6 26. Rxc5 axb3 27. axb3 Ra1 28. Rcd5 Qf1+ 0-1